বাংলার সাময়িকপত্রে বাঙালী মুসলিম নারীসমাজ (১৯০০ - ১৯৪৭) / (Record no. 78039)
[ view plain ]
| 000 -LEADER | |
|---|---|
| fixed length control field | 02362nam a2200325 a 4500 |
| 001 - CONTROL NUMBER | |
| control field | 78039 |
| 003 - CONTROL NUMBER IDENTIFIER | |
| rucl marc code | BD-RjUL |
| 005 - DATE AND TIME OF LATEST TRANSACTION | |
| control field | 20211209083100.0 |
| 008 - FIXED-LENGTH DATA ELEMENTS--GENERAL INFORMATION | |
| fixed length control field | 210309s1995 bg |||| m||| 00| 0 ben d |
| 035 ## - SYSTEM CONTROL NUMBER | |
| System control number | (BD-RjUL)78265 |
| 040 ## - CATALOGING SOURCE | |
| Original cataloging agency | BD-RjUL |
| Language of cataloging | ben / eng |
| Transcribing agency | BD-RjUL |
| Modifying agency | BD-RjUL |
| 041 ## - LANGUAGE CODE | |
| Language code of text/sound track or separate title | ben |
| 082 ## - DEWEY DECIMAL CLASSIFICATION NUMBER | |
| Classification number | 305.48697 |
| Author mark and year | ALB 1995 |
| Edition number | 23 |
| 100 ## - MAIN ENTRY--PERSONAL NAME | |
| Personal name | আলম, তাহমিনা |
| 9 (RLIN) | 245774 |
| 245 10 - TITLE STATEMENT | |
| Title | বাংলার সাময়িকপত্রে বাঙালী মুসলিম নারীসমাজ (১৯০০ - ১৯৪৭) / |
| Statement of responsibility, etc. | তাহমিনা আলম ; |
| Linkage | গবেষণা তত্ত্বাবধায়ক: শাহানারা হোসেন |
| 260 ## - PUBLICATION, DISTRIBUTION, ETC. (IMPRINT) | |
| Place of publication, distribution, etc. | রাজশাহী : |
| Name of publisher, distributor, etc. | ইতিহাস বিভাগ, রাজশাহী বিশ্ববিদ্যালয়, |
| Date of publication, distribution, etc. | ১৯৯৫ |
| 300 ## - PHYSICAL DESCRIPTION | |
| Pagination | [৮], ১৯৬ পাতা ; |
| Size | ৩০ সেমি. |
| 502 ## - DISSERTATION NOTE | |
| Dissertation note | থিসিস (পিএইচ. ডি.) -- ইতিহাস বিভাগ, রাজশাহী বিশ্ববিদ্যালয়, ১৯৯৫ |
| 504 ## - BIBLIOGRAPHY, ETC. NOTE | |
| Bibliography, etc | গ্রন্থপঞ্জি : পাতা [১৬৭]- ১৯৬ |
| 650 ## - SUBJECT ADDED ENTRY--TOPICAL TERM | |
| Topical term or geographic name as entry element | বাঙালী মুসলিম নারী |
| Geographic subdivision | ভারত |
| -- | বাংলা |
| General subdivision | ইতিহাস |
| Chronological subdivision | ১৯০০-১৯৪৭ |
| 9 (RLIN) | 245775 |
| Topical term or geographic name as entry element | Bengali Muslim Women |
| Geographic subdivision | India |
| -- | Bengal |
| General subdivision | History |
| Chronological subdivision | 1900-1947 |
| 9 (RLIN) | 245776 |
| Topical term or geographic name as entry element | বাঙালী মুসলিম নারী |
| Geographic subdivision | ভারত |
| -- | বাংলা |
| General subdivision | সামাজিক পরিস্থিতি |
| Chronological subdivision | ১৯০০-১৯৪৭ |
| 9 (RLIN) | 245777 |
| Topical term or geographic name as entry element | Bengali Muslim Women |
| Geographic subdivision | India |
| -- | Bengal |
| General subdivision | Social conditions |
| Chronological subdivision | 1900-1947 |
| 9 (RLIN) | 245778 |
| Topical term or geographic name as entry element | গণমাধ্যমে বাঙালী মুসলিম নারী |
| Geographic subdivision | ভারত |
| -- | বাংলা |
| Chronological subdivision | ১৯০০-১৯৪৭ |
| 9 (RLIN) | 243619 |
| Topical term or geographic name as entry element | Bengali Muslim women in Mass Media |
| Geographic subdivision | India |
| -- | Bengal |
| Chronological subdivision | 1900-1947 |
| 9 (RLIN) | 245805 |
| Topical term or geographic name as entry element | গণমাধ্যমে বাঙালী মুসলিম নারী জাগরণ |
| Geographic subdivision | ভারত |
| -- | বাংলা |
| Chronological subdivision | ১৯০০-১৯৪৭ |
| 9 (RLIN) | 243619 |
| Topical term or geographic name as entry element | Awakening of Bengali Muslim women in Mass Media |
| Geographic subdivision | India |
| -- | Bengal |
| Chronological subdivision | 1900-1947 |
| 9 (RLIN) | 245806 |
| 700 ## - ADDED ENTRY--PERSONAL NAME | |
| Personal name | হোসেন, শাহানারা, গবেষণা তত্ত্বাবধায়ক |
| 942 ## - ADDED ENTRY ELEMENTS (KOHA) | |
| Source of classification or shelving scheme | Dewey Decimal Classification |
| Koha item type | Theses |
| Lost status | Source of classification or shelving scheme | Damaged status | Not for loan | Collection code | Permanent Location | Current Location | Shelving location | Date acquired | Source of acquisition | Total Checkouts | Full call number | Date last seen | Copy number | Koha item type |
|---|---|---|---|---|---|---|---|---|---|---|---|---|---|---|
| Dewey Decimal Classification | Not For Loan | Theses | Central Library, University of Rajshahi | Central Library, University of Rajshahi | Documentation Section | 04/01/1996 | Controller of Exam., R.U. | BTHE 305.48697 ALB 1995 | 09/03/2021 | C-1 | Theses |